| 000 | 00692nam a22002177a 4500 | ||
|---|---|---|---|
| 005 | 20170124110104.0 | ||
| 010 | _a890753 | ||
| 020 | _c10.00 | ||
| 035 | _a890753 | ||
| 037 | _bCen Lib/Ret | ||
| 040 |
_aDPL _bEN |
||
| 082 |
_a921 _bDES |
||
| 245 |
_aDestination : _cedited by Sudhakar Raje _b nation's tribute to Deendayal Upadhyaya / |
||
| 260 |
_aNew Delhi _bDeendayal Research Institute _c1978 |
||
| 270 |
_bNew Delhi _a7E Swami Ramtirth Nagar _e110055 |
||
| 300 |
_a104p. _c21cm(Hb) |
||
| 650 |
_aUpadhyaya, Deendayal, -- 1916-1968 _916993 |
||
| 650 |
_aPoliticians -- India -- Biography _926655 |
||
| 700 |
_aRaje, Sudhakar _927702 |
||
| 942 |
_2ddc _cEN _h921 _mDES |
||
| 999 |
_c129892 _d129892 |
||